(1) Estados soberanos – Ducus - Estadísticas

Estadísticas generales
  • Esta prueba ha sido intentada 10 veces
  • La puntuación promedio es 102 de 196
Estadísticas de respuestas
Continente ANSWER % Correcto
1 América Antigua y Barbuda
75%
1 América Argentina
75%
1 América Bahamas
75%
1 América Belice
75%
1 América Bolivia
75%
1 América Brasil
75%
1 América Canadá
75%
1 América Chile
75%
1 América Colombia
75%
3 Asia Corea del Norte
75%
1 América Costa Rica
75%
1 América Cuba
75%
1 América Dominica
75%
1 América Ecuador
75%
1 América El Salvador
75%
2 Europa España
75%
1 América Estados Unidos
75%
2 Europa Francia
75%
1 América Granada
75%
1 América Guatemala
75%
1 América Guyana
75%
1 América Haití
75%
1 América Honduras
75%
1 América Jamaica
75%
1 América México
75%
1 América Nicaragua
75%
1 América Panamá
75%
1 América Paraguay
75%
1 América Perú
75%
1 América República Dominicana
75%
1 América Santa Lucía
75%
1 América San Vicente y las Granadinas
75%
1 América Surinam
75%
1 América Trinidad y Tobago
75%
1 América Uruguay
75%
1 América Venezuela
75%
2 Europa Albania
50%
2 Europa Alemania
50%
2 Europa Andorra
50%
5 África Angola
50%
3 Asia Arabia Saudita
50%
5 África Argelia
50%
3 Asia Armenia
50%
4 Oceanía Australia
50%
2 Europa Austria
50%
3 Asia Azerbaiyán
50%
1 América Barbados
50%
3 Asia Baréin
50%
2 Europa Bélgica
50%
5 África Benín
50%
2 Europa Bielorrusia
50%
2 Europa Bosnia y Herzegovina
50%
3 Asia Brunéi
50%
2 Europa Bulgaria
50%
3 Asia Bután
50%
5 África Cabo Verde
50%
3 Asia Camboya
50%
5 África Camerún
50%
3 Asia Catar
50%
5 África Chad
50%
2 Europa Chequia
50%
2 Europa Ciudad del Vaticano
50%
3 Asia Corea del Sur
50%
5 África Costa de Marfil
50%
2 Europa Croacia
50%
5 África Egipto
50%
3 Asia Emiratos Árabes Unidos
50%
5 África Eritrea
50%
2 Europa Eslovaquia
50%
2 Europa Eslovenia
50%
4 Oceanía Estados Federados de Micronesia
50%
2 Europa Estonia
50%
5 África Etiopía
50%
3 Asia Filipinas
50%
2 Europa Finlandia
50%
4 Oceanía Fiyi
50%
5 África Gabón
50%
5 África Gambia
50%
3 Asia Georgia
50%
5 África Ghana
50%
2 Europa Grecia
50%
5 África Guinea
50%
5 África Guinea-Bisáu
50%
5 África Guinea Ecuatorial
50%
2 Europa Hungría
50%
3 Asia India
50%
3 Asia Indonesia
50%
3 Asia Irak
50%
3 Asia Irán
50%
2 Europa Irlanda
50%
2 Europa Islandia
50%
4 Oceanía Islas Marshall
50%
4 Oceanía Islas Salomón
50%
3 Asia Israel
50%
2 Europa Italia
50%
3 Asia Jordania
50%
3 Asia Kazajistán
50%
5 África Kenia
50%
3 Asia Kirguistán
50%
2 Europa Kosovo
50%
3 Asia Kuwait
50%
5 África Lesoto
50%
2 Europa Letonia
50%
3 Asia Líbano
50%
5 África Liberia
50%
5 África Libia
50%
2 Europa Liechtenstein
50%
2 Europa Lituania
50%
2 Europa Luxemburgo
50%
2 Europa Macedonia del Norte
50%
3 Asia Malasia
50%
5 África Malaui
50%
3 Asia Maldivas
50%
5 África Mali
50%
2 Europa Malta
50%
5 África Marruecos
50%
5 África Mauricio
50%
2 Europa Moldavia
50%
2 Europa Mónaco
50%
3 Asia Mongolia
50%
5 África Mozambique
50%
3 Asia Myanmar
50%
5 África Namibia
50%
4 Oceanía Nauru
50%
3 Asia Nepal
50%
5 África Níger
50%
5 África Nigeria
50%
2 Europa Noruega
50%
4 Oceanía Nueva Zelanda
50%
3 Asia Omán
50%
3 Asia Pakistán
50%
4 Oceanía Papúa Nueva Guinea
50%
2 Europa Polonia
50%
2 Europa Portugal
50%
2 Europa Reino Unido
50%
5 África República Centroafricana
50%
5 África República del Congo
50%
5 África República Democrática del Congo
50%
5 África Ruanda
50%
2 Europa Rumania
50%
2 Europa Rusia
50%
1 América San Cristóbal y Nieves
50%
2 Europa San Marino
50%
5 África Santo Tomé y Príncipe
50%
5 África Senegal
50%
2 Europa Serbia
50%
5 África Seychelles
50%
3 Asia Singapur
50%
3 Asia Siria
50%
5 África Somalia
50%
3 Asia Sri Lanka
50%
5 África Sudáfrica
50%
5 África Sudán
50%
5 África Sudán del Sur
50%
2 Europa Suecia
50%
2 Europa Suiza
50%
3 Asia Tailandia
50%
3 Asia Taiwán
50%
5 África Tanzania
50%
3 Asia Tayikistán
50%
3 Asia Timor Oriental
50%
5 África Togo
50%
5 África Túnez
50%
3 Asia Turkmenistán
50%
3 Asia Turquía
50%
4 Oceanía Tuvalu
50%
2 Europa Ucrania
50%
5 África Uganda
50%
3 Asia Uzbekistán
50%
4 Oceanía Vanuatu
50%
3 Asia Vietnam
50%
3 Asia Yemen
50%
5 África Yibuti
50%
5 África Zambia
50%
5 África Zimbabue
50%
3 Asia Afganistán
25%
3 Asia Bangladés
25%
5 África Botsuana
25%
5 África Burkina Faso
25%
5 África Burundi
25%
3 Asia Chipre
25%
5 África Comoras
25%
5 África Esuatini
25%
3 Asia Japón
25%
4 Oceanía Kiribati
25%
3 Asia Laos
25%
5 África Madagascar
25%
5 África Mauritania
25%
2 Europa Montenegro
25%
4 Oceanía Palaos
25%
2 Europa Reino de Dinamarca
25%
2 Europa Reino de Países Bajos
25%
3 Asia República Popular China
25%
4 Oceanía Samoa
25%
5 África Sierra Leona
25%
4 Oceanía Tonga
25%
No se encontraron pruebas coincidentes
Distribución de puntuación
Porcentaje de gente con cada puntuación
Porcentaje por número respondido
Historial de tus puntuaciones
No has intentado esta prueba.